000 00324 a2200157 4500
001 169923
020 _a
040 _cMagnum
100 _aPourtois, Jean-Pierre
240 1 0 _aA educacao pos-moderna
_lpor
245 1 0 _aA educacao pos-moderna
362 0 _a1899
440 1 _aLoyola
697 _aENSINO
942 _cBK
999 _c169923
_d169923